01106 a2200241 4500003000500000005001700005010001600022020001500038040000900053082001400062100002800076245007200104260003500176300003400211505023800245650004700483700002700530700003200557942001200589999001900601952012200620952012200742Nust20221012154956.0 a 75026773 a0023397608 cNust00a540.3,FRI1 aFried, Vojtech.910005710aPhysical chemistry /cVojtech Fried, Hendrik F. Hameka, Uldis Blu?. aNew York :bMacmillan,cc1977. axix, 983 p. :bill. ;c26 cm. aPART-1: States of Matter (Page-1) PART-2: Classical Thermodynamics (Page-85) PART-3: Quantum Mechanics (Page-285) PART-4: Statistical Thermodynamics (Page-569) PART-5: Chemical Kinetics (Page-627) PART-6: Electrochemistry (Page-831). 0aChemistry, Physical and theoretical.912411 aBlukis, Uldis,91000581 aHameka, Hendrik F.,9100059 2ddccBK c183333d183333 00102ddc4070aMCSbMCScGENd2016-12-12o540.3,FRIpMCS6443r2016-12-08w2016-12-12yBKzAlmirah No.25, Shelf No.3 00102ddc4070aMCSbMCScGENd2016-12-12o540.3,FRIpMCS6575r2016-12-08w2016-12-12yBKzAlmirah No.25, Shelf No.3